Los enemigos de la tierra

Uloženo v:
Podrobná bibliografie
Hlavní autor: Requena, Andrés
Médium: Kniha
Jazyk:Undetermined
Vydáno: Chile Ercilla 1942
Témata:
Tagy: Přidat tag
Žádné tagy, Buďte první, kdo vytvoří štítek k tomuto záznamu!

MARC

LEADER 00000nam a2200000Ia 4500
008 170316s9999 xx 000 0 und d
040 |a cru BVZT 
090 |a 860 R-4e 
100 |a Requena, Andrés 
245 |a Los enemigos de la tierra 
260 |a Chile 
260 |b Ercilla 
260 |c 1942 
300 |a 189 páginas 
650 |a LITERATURA LATINOAMERICANA 
999 |c 9170  |d 9170 
942 |c 15 D  |h 860 R-4e  |2 z